00824nam a2200193 a 450000100100000000500170001000800410002704000250006810000480009324501120014126000480025330000210030150400310032270000350035304900090038895201050039795201110050299900170061300002241520200930011724.0101008s2002 dr 001 0 spa d aDO-SdBNPbspacBNPHU1 aNúñez de Vargas, Carmen Cristina94621213aLa mujer cristiana y sus facetas /cCarmen Cristina Núñez de Vargas ; prólogo Romelia columna Medina. aSanto Domingo :bEditorial Jojansel,c2002. a359 p. ;c21 cm. aBibligrafía : p. 358-3591 acolumna Medina, Romelia937801 aBNPD 0010718PDaPDbPDcCTd2010-10-08iLF1l0o p22415-10r2020-06-25w2020-06-25yLFPDZNo se presta 0010718PDaPDbPDcCTd2010-10-08iLF1l0o p22415-20r2020-06-25te. 2w2020-06-25yLFPDZNo se presta c21913d21913